00541nam a22001697a 450000500170000001000330001702000260005003500140007603700110009008200080010110000260010924501060013525000110024126000320025227000560028430000310034020230912162825.0 aE.N.A./7.11.22 ENG-137901 a9789390113644c650.00 aEN-121433 bPragti a954 aDahiya, Poonam Dalal  aAncient and Medieval India:bfor UPSC and state civil services examinations /cby Poonam Dalal Dahiya a2nd ed aChennaibMc Graw Hillc2022 a5/90A, Butt Road, St. Thomas MountbChennaie600116 avp.c24cm(pbk)bill , maps